| 000 | 00738cam a22002291 4500 | ||
|---|---|---|---|
| 001 | gs 12000270 | ||
| 003 | DLC | ||
| 005 | 20260227111312.0 | ||
| 008 | 830620s1911 gaua b 000 0 eng c | ||
| 010 | _ags 12000270 | ||
| 035 | _a(OCoLC)9624318 | ||
| 040 |
_aU.S. Geol. Survey. Libr. _cMH-A _dMH-A _dDLC |
||
| 042 | _apremarc | ||
| 050 | 0 | 0 |
_aTN24.G4 _bA4 1911 |
| 110 | 1 |
_aGeorgia. _bState Geologist. |
|
| 245 | 1 | 0 |
_aHand-book, mineral resources of Georgia, _cby S. W. McCallie, State Geologist. |
| 260 |
_aAtlanta, Ga., _c1911. |
||
| 300 |
_a37 p. _billus. _c13 cm. |
||
| 504 | _aIncludes bibliographical references. | ||
| 650 | 0 |
_aMines and mineral resources _zGeorgia. |
|
| 700 | 1 |
_aMcCallie, S. W. _q(Samuel Washington), _d1856-1933. |
|
| 999 |
_c25139 _d25139 |
||